| 000 | 00681nam a22001937a 4500 | ||
|---|---|---|---|
| 008 | 111104t xxu||||| |||| 00| 0 eng d | ||
| 020 | _a0321365046 | ||
| 050 | _aHB171.5.B14 | ||
| 100 | _aBade, Robin | ||
| 245 |
_aFoundations of macroeconomics / _cRobin Bade |
||
| 250 | _a3rd ed. | ||
| 260 |
_aBoston: _bPearson Addison Wesley, _cc2007. |
||
| 300 |
_axxxviii, 538 + various pagings.: _bill. (some col.) _c26cm. |
||
| 500 | _aIncludes index. | ||
| 505 | _aContents: Introduction -- Monitoring the macroeconomy -- The Real economy -- The Money economy -- Economic fluctuations -- The Global economy. | ||
| 650 | _aMacroeconomics | ||
| 700 | _aParkin, Michael | ||
| 942 |
_2lcc _cBK |
||
| 999 |
_c236 _d7736 |
||